| Tag |
First Indicator |
Second Indicator |
Subfields |
| LEADER |
00000cam a2200000 a 4500 |
| 001 |
in00001406737 |
| 005 |
20151020072907.0 |
| 008 |
971029s1998 ncu b 000 0beng |
| 010 |
|
|
|a 97032659
|
| 020 |
|
|
|a 1565121864
|
| 035 |
|
|
|a (OCoLC)37903450
|
| 035 |
|
|
|9 AHQ3692AM
|
| 040 |
|
|
|a DLC
|c DLC
|d TXA
|d UtOrBLW
|
| 043 |
|
|
|a n-us---
|
| 049 |
|
|
|a TXAM
|
| 050 |
0 |
0 |
|a E185.97.A36
|b M38 1998
|
| 082 |
0 |
0 |
|a 973/.0496073/0092
|a B
|2 21
|
| 100 |
1 |
|
|a McCray, Carrie Allen,
|d 1913-
|
| 245 |
1 |
0 |
|a Freedom's child :
|b the life of a Confederate general's Black daughter /
|c Carrie Allen McCray.
|
| 250 |
|
|
|a 1st ed.
|
| 264 |
|
1 |
|a Chapel Hill, N.C. :
|b Algonquin Books,
|c 1998.
|
| 300 |
|
|
|a xv, 269 pages ;
|c 24 cm.
|
| 336 |
|
|
|a text
|b txt
|2 rdacontent
|
| 337 |
|
|
|a unmediated
|b n
|2 rdamedia
|
| 338 |
|
|
|a volume
|b nc
|2 rdacarrier
|
| 504 |
|
|
|a Includes bibliographical references (pages [265]-269).
|
| 600 |
1 |
0 |
|a Allen, Mary Rice Hayes,
|d 1875-1935.
|
| 600 |
1 |
0 |
|a Jones, John Robert,
|d 1828-1901.
|
| 650 |
|
0 |
|a African Americans
|v Biography.
|
| 650 |
|
0 |
|a African American women civil rights workers
|v Biography.
|
| 650 |
|
0 |
|a Racially mixed people
|z United States
|v Biography.
|
| 948 |
|
|
|a c:dm
|
| 999 |
|
|
|a MARS
|
| 999 |
f |
f |
|s 6725c410-efdc-3ab8-8b36-fa52db89b085
|i 84a16af1-b616-3523-b9f9-818c120743d1
|t 0
|
| 952 |
f |
f |
|p ric
|a Texas A&M University
|b Rellis Campus
|c Joint Library Facility
|d Remote Storage
|t 0
|e E185.97.A36 M38 1998
|h Library of Congress classification
|i unmediated -- volume
|m A14823326854
|
| 998 |
f |
f |
|a E185.97.A36 M38 1998
|t 0
|l Remote Storage
|